| Tag |
First Indicator |
Second Indicator |
Subfields |
| LEADER |
00000cam a2200000 i 4500 |
| 001 |
in00004278313 |
| 008 |
200402s2020 lau 000 1 eng |
| 005 |
20250318222804.1 |
| 010 |
|
|
|a 2020005556
|
| 020 |
|
|
|a 9780807173916
|
| 020 |
|
|
|a 0807173916
|q paperback
|q alkaline paper
|
| 020 |
|
|
|z 9780807174135
|q electronic book
|
| 020 |
|
|
|z 9780807174142
|q electronic publication
|
| 035 |
|
|
|a (OCoLC)on1137211383
|
| 035 |
|
|
|a (OCoLC)1137211383
|
| 040 |
|
|
|a DLC
|b eng
|e rda
|c DLC
|d BDX
|d OCLCF
|d CDX
|d YDX
|d UtOrBLW
|
| 042 |
|
|
|a pcc
|
| 050 |
0 |
0 |
|a PS3606.A945
|b A6 2020
|
| 082 |
0 |
0 |
|a 813/.6
|2 23
|
| 100 |
1 |
|
|a Fawkes, Jen,
|e author.
|0 http://id.loc.gov/authorities/names/n2020016729
|
| 240 |
1 |
0 |
|a Short stories.
|k Selections
|0 http://id.loc.gov/authorities/names/n2020016735
|
| 245 |
1 |
0 |
|a Mannequin and wife :
|b stories /
|c Jen Fawkes.
|
| 264 |
|
1 |
|a Baton Rouge :
|b Louisiana State University Press,
|c [2020]
|
| 300 |
|
|
|a 196 pages ;
|c 22 cm.
|
| 336 |
|
|
|a text
|b txt
|2 rdacontent
|
| 337 |
|
|
|a unmediated
|b n
|2 rdamedia
|
| 338 |
|
|
|a volume
|b nc
|2 rdacarrier
|
| 490 |
1 |
|
|a Yellow shoe fiction
|
| 520 |
|
|
|a "In "Mannequin and Wife," the debut fiction collection from Jen Fawkes, readers will encounter a taxidermist with anger issues, an Elephant Girl, the strongest woman alive, a flock of stenographers, a fairy on her lunch break, and a married couple who cohabitate with a department store mannequin. Fawkes's sharp and imaginatively wonderful tales trip seamlessly across borderlands, navigating comedy and tragedy, psychological and magical realism, the mundane and the marvelous. An American actor impersonates a code-breaking Britisher during World War II. A mother awaiting her son's return begins to fear that her boy has been eaten. A criminal mastermind's protégé plots the destruction of Mount Rushmore from within a volcano. A man buys a drive-in theatre and transforms it into a carnival sideshow. An attorney puzzles over how to leave someone his deceased client's heart. These award-winning stories thrust fundamental human relationships-mother and child, husband and wife, mentor and protégé, sibling and sibling-beneath the lens of a provocative microscope. Mannequin and Wife teases out the startling complications that arise from our entanglements with those we love and those we hate, showing that they are one and the same"--
|c Provided by publisher.
|
| 650 |
|
0 |
|a Short stories.
|0 http://id.loc.gov/authorities/subjects/sh85121813
|
| 655 |
|
7 |
|a Short stories.
|2 fast
|0 (OCoLC)fst01726740
|
| 776 |
0 |
8 |
|i Online version:
|a Fawkes, Jen.
|t Mannequin and wife
|d Baton Rouge : Louisiana State University Press, [2020]
|z 9780807174135
|w (DLC) 2020005557
|
| 830 |
|
0 |
|a Yellow shoe fiction.
|0 http://id.loc.gov/authorities/names/n2005026268
|
| 852 |
8 |
|
|b pda,print
|z This title is available for the library to purchase for your use. Click the "Purchase It For Me" button to place a request. This item may take 5-10 business days to arrive.
|
| 955 |
|
|
|a Print PDA title
|
| 961 |
|
|
|m 565730
|
| 999 |
f |
f |
|s d651c718-735c-47a7-a9b0-f68538ca0295
|i 0257a9ff-8778-321b-bfbf-13587b66bd74
|t 0
|
| 952 |
f |
f |
|a Texas A&M University
|b College Station
|c Sterling C. Evans Library
|d Purchase on Demand
|t 0
|e PS3606.A945 A6 2020
|h Library of Congress classification
|
| 998 |
f |
f |
|a PS3606.A945 A6 2020
|t 0
|l Purchase on Demand
|